000 01086cam a2200325 i 4500
001 18820179
003 EG-ScBUE
005 20260421112935.0
008 151016t2015 nyua f b 001 0 eng d
020 _a9781493925469
020 _a1493925466
040 _aNLM
_beng
_erda
_cNLM
_dYDXCP
_dBTCTA
_dHNK
_dIDL
_dOCLCF
_dOCLCO
_dOCL
_dDLC
_dEG-ScBUE
082 0 4 _a572.88
_222
_bSMA
245 0 0 _aSmall non-coding RNAs :
_bmethods and protocols /
_cedited by Mathieu Rederstorff.
264 1 _aNew York :
_bHumana Press,
_c[2015]
264 4 _cc2015
300 _axi, 238 pages :
_billustrations ;
_c26 cm.
336 _2rdacontent
_atext
_btxt
337 _aunmediated
_2rdamedia
_bn
338 _avolume
_bnc
_2rdacarrier
490 0 _aMethods in molecular biology,
_x1064-3745 ;
_v1296
490 0 _aSpringer protocols
504 _aIncludes bibliographical references and index.
650 7 _aNon-coding RNA
_vLaboratory manuals.
_2BUEsh
651 _2BUEsh
653 _bENGGEN
_cDecember2016
655 _vReading book
700 1 _aRederstorff, Mathieu,
_eeditor.
942 _2ddc
_cBB
999 _c23498
_d23470